MLB: Top 30 Active Players: Errors Committed - Statistics

General Stats
  • This quiz has been taken 51 times
    8 since last reset
  • The average score is 14 of 30
Answer Stats
# Player Errors % Correct
1 Javier Báez 171
86%
6 Nolan Arenado 139
86%
T15 Corey Seager 104
71%
3 Manny Machado 159
71%
7 Xander Bogaerts 133
71%
T28 Bo Bichette 86
57%
20 Dansby Swanson 97
57%
11 Francisco Lindor 113
57%
12 Gleyber Torres 112
57%
T8 José Ramírez 130
57%
30 Ketel Marte 84
57%
4 Marcus Semien 154
57%
10 Willy Adames 121
57%
T15 Alex Bregman 104
43%
26 Carlos Correa 88
43%
13 José Altuve 111
43%
21 Kris Bryant 96
43%
T17 Matt Chapman 101
43%
27 Max Muncy 87
43%
5 Rafael Devers 144
43%
19 Trevor Story 98
43%
24 Anthony Rendon 91
29%
2 Eugenio Suárez 165
29%
22 Orlando Arcia 94
29%
T8 Trea Turner 130
29%
T17 Carlos Santana 101
14%
14 Jorge Polanco 110
14%
25 Ryan McMahon 90
14%
23 Yoán Moncada 92
14%
T28 Amed Rosario 86
0%
No matching quizzes found
Score Distribution
Percent of People with Each Score
Percentile by Number Answered
Your Score History
You have not taken this quiz since the last reset